| 000 | 00573nam a2200181 a 4500 | ||
|---|---|---|---|
| 005 | 20140412111240.0 | ||
| 008 | 010710s19uu xx 00 eng d | ||
| 020 | _a0-590-32272-9 | ||
| 050 |
_aTR(PS E _bMa11 |
||
| 100 | _aThurber, James | ||
| 245 |
_aMany moons / _cby James Thurber; illustrated by Louis Slobodkin. |
||
| 260 |
_aNew York : _bScholastic Inc, _c1943. |
||
| 300 | _a1v. (unp.) ; ill. | ||
| 520 | _aMany Moon is the wise tale of a little princess who wanted the moon and got it. | ||
| 650 | _aMoons-Stories | ||
| 650 | _aMoons-Fiction | ||
| 999 |
_c102657 _d102657 |
||